La orquesta
Saved in:
| Main Authors: | , |
|---|---|
| Format: | Bog |
| Sprog: | spansk |
| Udgivet: |
Buenos Aires
EUDEBA
1964
|
| Udgivelse: | 3a. ed |
| Serier: | Cuadernos de EUDEBA, 4
|
| Fag: | |
| Tags: |
Tilføj Tag
Ingen Tags, Vær først til at tagge denne postø!
|
MARC
| LEADER | 00000nam a2200000 a 4500 | ||
|---|---|---|---|
| 001 | UCN2749 | ||
| 003 | CL-VaPUC | ||
| 005 | 20231109110236.0 | ||
| 008 | 010531e19640000AG |||||||||||||||||spa|d | ||
| 999 | |c 295804 |d 295802 | ||
| 040 | |c Pontificia Universidad Católica de Valparaíso | ||
| 082 | 0 | 4 | |a 784 AUB 1964 |2 21 |
| 100 | 0 | |a Aubert, Louis |e author |9 458908 | |
| 245 | 1 | 3 | |a La orquesta |
| 250 | |a 3a. ed | ||
| 260 | |a Buenos Aires |b EUDEBA |c 1964 | ||
| 300 | |a 68 p | ||
| 490 | 0 | |a Cuadernos de EUDEBA, 4 | |
| 583 | |a last modification |c 20010531 00:00:00 |k Rodrigo Vera | ||
| 650 | 0 | |a Música orquestal |9 306546 | |
| 650 | 0 | |a Orquestación |9 458841 | |
| 650 | 0 | |a Polifonía |9 327335 | |
| 650 | 0 | |a Orquesta de cámara |9 456552 | |
| 650 | 0 | |a Música para orquesta sinfónica |2 CL-VaPUC |9 449513 | |
| 650 | 0 | |a Dirección orquestal |2 CL-VaPUC |9 458838 | |
| 700 | 0 | |a Landowski, Marcel |e author |9 458909 | |
| 942 | |c BK |2 ddc | ||
| 945 | |d 20010531 00:00:00 |a crobeson | ||
| 952 | |0 0 |1 0 |2 ddc |4 0 |6 784_000000000000000_AUB_1964 |7 0 |8 A |9 349158 |a BIBEDU |b BIBEDU |d 2019-11-20 |i 1186140 |o 784 AUB 1964 |p 1186140 |r 2023-01-12 |w 2019-11-20 |y BK |k MUS | ||